[Event "SUI-ch Rapid"]
[Site "Biel"]
[Date "2023.07.30"]
[Round "1"]
[White "Birchmeier, Martin"]
[Black "Gruenenwald, Joerg"]
[Result "0-1"]
[WhiteElo "1767"]
[BlackElo "2325"]
[PlyCount "40"]
[EventDate "2023.07.30"]
[EventType "swiss (rapid)"]
[EventRounds "9"]
[EventCountry "SUI"]
[SourceTitle "CBM 215 Extra"]
[Source "ChessBase"]
[SourceDate "2023.09.30"]
[SourceVersion "1"]
[SourceVersionDate "2023.09.30"]
[SourceQuality "1"]

1. d4 d5 2. c4 c6 3. Nc3 Nf6 4. Nf3 a6 5. e3 b5 6. b3 Bg4 7. Be2 Nbd7 8. 0-0 e6 9. Qc2 Bd6 10. Rd1 0-0 11. Bb2 Qb8 12. h3 Bh5 13. Ne1 Bg6 14. Bd3 Bxd3 15. Qxd3 bxc4 16. bxc4 Qxb2 17. Rdb1 Qa3 18. Rb3 Qa5 19. c5 Bxc5 20. dxc5 Nxc5 0-1

[Event "SUI-ch Rapid"]
[Site "Biel"]
[Date "2023.07.30"]
[Round "8"]
[White "Gruenenwald, Joerg"]
[Black "Valkova, Angelika"]
[Result "1/2-1/2"]
[WhiteElo "2325"]
[BlackElo "2057"]
[PlyCount "59"]
[EventDate "2023.07.30"]
[EventType "swiss (rapid)"]
[EventRounds "9"]
[EventCountry "SUI"]
[SourceTitle "CBM 215 Extra"]
[Source "ChessBase"]
[SourceDate "2023.09.30"]
[SourceVersion "1"]
[SourceVersionDate "2023.09.30"]
[SourceQuality "1"]

1. d4 d5 2. Nf3 Nf6 3. c4 e6 4. g3 dxc4 5. Qa4+ Nbd7 6. Bg2 a6 7. Qxc4 b5 8. Qd3 Bb7 9. Bg5 c5 10. 0-0 h6 11. Bxf6 Nxf6 12. Rd1 cxd4 13. Nxd4 Bxg2 14. Kxg2 Bc5 15. Nb3 Qxd3 16. Rxd3 Bb6 17. a4 Ke7 18. axb5 axb5 19. Na3 Ne4 20. f3 Nc5 21. Nxc5 Bxc5 22. Rad1 Bxa3 23. Rd7+ Kf6 24. bxa3 Rxa3 25. Rb7 Rb3 26. Rdd7 Rf8 27. Rdc7 b4 28. Kf2 h5 29. Rc4 g6 30. Rcxb4 1/2-1/2

[Event "SUI-ch Rapid"]
[Site "Biel"]
[Date "2023.07.30"]
[Round "9"]
[White "Manko, Mariya"]
[Black "Gruenenwald, Joerg"]
[Result "1-0"]
[WhiteElo "2145"]
[BlackElo "2325"]
[PlyCount "69"]
[EventDate "2023.07.30"]
[EventType "swiss (rapid)"]
[EventRounds "9"]
[EventCountry "SUI"]
[SourceTitle "CBM 215 Extra"]
[Source "ChessBase"]
[SourceDate "2023.09.30"]
[SourceVersion "1"]
[SourceVersionDate "2023.09.30"]
[SourceQuality "1"]

1. d4 d5 2. c4 c6 3. Nf3 Nf6 4. g3 a6 5. Bg2 dxc4 6. 0-0 b5 7. a4 Bb7 8. b3 cxb3 9. Qxb3 Nbd7 10. Ne5 Nxe5 11. dxe5 Nd5 12. Rd1 Qc8 13. axb5 axb5 14. Rxa8 Bxa8 15. Bxd5 cxd5 16. Qxb5+ Bc6 17. Qd3 e6 18. Ba3 Bxa3 19. Qxa3 Qc7 20. Rc1 Kd7 21. Qf3 Rf8 22. Qh5 h6 23. Nd2 Qa5 24. Nb3 Qa3 25. Qf3 Qb4 26. Nc5+ Ke7 27. Nd3 Qb6 28. Qg4 Rg8 29. Qh4+ Ke8 30. Ra1 Rh8 31. Qb4 Qc7 32. Qc5 Kd7 33. Ra7 Bb7 34. Qb5+ Qc6 35. Rxb7+ 1-0

[Event "SUI-chT"]
[Site "Switzerland"]
[Date "2019.05.04"]
[Round "3.7"]
[White "Kambor, Joachim"]
[Black "Gruenenwald, Joerg"]
[Result "0-1"]
[WhiteElo "2133"]
[BlackElo "2329"]
[PlyCount "102"]
[EventDate "2019.03.10"]
[EventType "team-tourn"]
[EventRounds "9"]
[EventCountry "SUI"]
[SourceTitle "CBM 190 Extra"]
[Source "ChessBase"]
[SourceDate "2019.07.15"]
[SourceVersion "1"]
[SourceVersionDate "2019.07.15"]
[SourceQuality "1"]
[WhiteTeam "Wollishofen"]
[BlackTeam "Zuerich"]
[WhiteTeamCountry "SUI"]
[BlackTeamCountry "SUI"]

1. Nf3 d5 2. b3 Bg4 3. Ne5 Bf5 4. e3 Nd7 5. Nxd7 Qxd7 6. Be2 Nf6 7. Bb2 e6 8. 0-0 Be7 9. d4 0-0 10. Nd2 h6 11. c4 c6 12. a3 a5 13. Bc3 b5 14. c5 Qc7 15. b4 a4 16. f4 Ne4 17. Nxe4 Bxe4 18. Be1 f6 19. Bg3 Qd7 20. Bd3 Rae8 21. Qc2 Bxd3 22. Qxd3 Bd8 23. Ra2 Qf7 24. Re2 Qh5 25. e4 dxe4 26. Qxe4 f5 27. Qd3 Bf6 28. Rfe1 Qf7 29. Bf2 Qd7 30. h3 Qd5 31. g4 g6 32. Kh2 Kf7 33. Rg1 Rg8 34. g5 hxg5 35. fxg5 Bg7 36. Bg3 e5 37. Rge1 Qxd4 38. Qxd4 exd4 39. Kg2 d3 40. Rxe8 Rxe8 41. Rd1 Re2+ 42. Kf3 Ra2 43. Rxd3 Bb2 44. Rd7+ Ke8 45. Ra7 Rxa3+ 46. Kg2 Rb3 47. Be1 Re3 48. Bf2 Re4 49. h4 Rxb4 50. Kf1 a3 51. h5 Ra4 0-1

[Event "SUI-chT"]
[Site "Switzerland"]
[Date "2018.03.25"]
[Round "1.8"]
[White "Albisetti, Martin"]
[Black "Gruenenwald, Joerg"]
[Result "0-1"]
[WhiteElo "2226"]
[BlackElo "2340"]
[PlyCount "74"]
[EventDate "2018.03.25"]
[EventType "team-tourn"]
[EventRounds "9"]
[EventCountry "SUI"]
[SourceTitle "CBM 183 Extra"]
[Source "ChessBase"]
[SourceDate "2018.04.19"]
[SourceVersion "1"]
[SourceVersionDate "2018.04.19"]
[SourceQuality "1"]
[WhiteTeam "Wollishofen"]
[BlackTeam "Zuerich"]
[WhiteTeamCountry "SUI"]
[BlackTeamCountry "SUI"]

1. e4 c5 2. Nf3 d6 3. d4 cxd4 4. Nxd4 Nf6 5. Nc3 a6 6. Bd3 Nc6 7. Nb3 e6 8. 0-0 Be7 9. f4 0-0 10. Qe1 Nb4 11. Kh1 b5 12. Be3 Bb7 13. a3 Nxd3 14. cxd3 Nd7 15. Qe2 g6 16. Rad1 Re8 17. Qg4 f5 18. Qh3 Nf6 19. Bd4 Rc8 20. Rde1 Ng4 21. Re2 Qd7 22. Qg3 Nh6 23. Rfe1 Bf8 24. Qg5 Nf7 25. Qg3 e5 26. Be3 Kh8 27. fxe5 dxe5 28. d4 f4 29. Bxf4 exf4 30. Qxf4 Bh6 31. Qh4 Qe7 32. Qh3 b4 33. axb4 Qxb4 34. Nc5 Rc7 35. e5 Qxd4 36. Ne6 Qd7 37. Nxc7 Qxh3 0-1

[Event "SUI-chT"]
[Site "Switzerland"]
[Date "2017.10.15"]
[Round "9.7"]
[White "Gruenenwald, Joerg"]
[Black "Kaczmarczyk, Dennis"]
[Result "1/2-1/2"]
[WhiteElo "2324"]
[BlackElo "2411"]
[PlyCount "70"]
[EventDate "2017.03.19"]
[EventType "team-swiss"]
[EventRounds "9"]
[EventCountry "SUI"]
[SourceTitle "EXT 2019"]
[Source "ChessBase"]
[SourceDate "2018.10.10"]
[SourceVersion "1"]
[SourceVersionDate "2018.10.10"]
[SourceQuality "1"]
[WhiteTeam "Zuerich"]
[BlackTeam "Winterthur"]
[WhiteTeamCountry "SUI"]
[BlackTeamCountry "SUI"]

1. d4 d5 2. Nf3 Nf6 3. c4 e6 4. g3 dxc4 5. Qa4+ Nbd7 6. Qxc4 a6 7. Bg2 b5 8. Qc2 Bb7 9. Bg5 Rc8 10. 0-0 c5 11. Qd1 h6 12. Bxf6 Qxf6 13. Nc3 Bxf3 14. Bxf3 cxd4 15. Ne4 Qe5 16. Rc1 Rd8 17. Qe1 b4 18. Qd1 Be7 19. Qa4 Qb5 20. Qxb5 axb5 21. Rc7 f5 22. Nd2 Bd6 23. Rb7 Rb8 24. Ra7 Bc5 25. Ra6 Ke7 26. Nb3 Rhc8 27. Rd1 Bb6 28. Rc1 Rxc1+ 29. Nxc1 Nc5 30. Ra8 Rxa8 31. Bxa8 Kd6 32. Nd3 b3 33. Nxc5 Kxc5 34. axb3 e5 35. Kf1 b4 1/2-1/2

[Event "SUI-chT"]
[Site "Switzerland"]
[Date "2015.09.05"]
[Round "6.6"]
[White "Vianin, Pascal"]
[Black "Gruenenwald, Joerg"]
[Result "1/2-1/2"]
[WhiteElo "2222"]
[BlackElo "2339"]
[PlyCount "88"]
[EventDate "2015.03.29"]
[EventType "team-tourn"]
[EventRounds "9"]
[EventCountry "SUI"]
[SourceTitle "EXT 2016"]
[Source "ChessBase"]
[SourceDate "2015.10.08"]
[SourceVersion "1"]
[SourceVersionDate "2015.10.08"]
[SourceQuality "1"]
[WhiteTeam "Echallens"]
[BlackTeam "Zuerich"]
[WhiteTeamCountry "SUI"]
[BlackTeamCountry "SUI"]

1. e4 c5 2. Nf3 d6 3. Bb5+ Bd7 4. Bxd7+ Nxd7 5. 0-0 Ngf6 6. Qe2 e6 7. d3 Be7 8. Nc3 0-0 9. h3 a6 10. a4 Qc7 11. Bf4 b6 12. Rfe1 Ne5 13. Nxe5 dxe5 14. Bg5 Ne8 15. Qg4 Bxg5 16. Qxg5 h6 17. Qg4 Nf6 18. Qg3 Nd7 19. Re3 Rae8 20. Qg4 Nb8 21. Rg3 f6 22. Ne2 Nc6 23. c3 Qf7 24. Qf3 Rd8 25. Qe3 Kh8 26. f4 exf4 27. Qxf4 g5 28. Qf2 f5 29. exf5 exf5 30. d4 f4 31. Rf3 Qd5 32. c4 Qxc4 33. Rc3 Qb4 34. dxc5 Qxb2 35. Re1 Rd2 36. Qf3 Ne5 37. Qe4 Re8 38. cxb6 f3 39. gxf3 Rxe2 40. Rxe2 Qxc3 41. b7 Qc7 42. Qf5 Qb6+ 43. Kf1 Qxb7 44. Rxe5 Rxe5 1/2-1/2

[Event "SUI-chT"]
[Site "Switzerland"]
[Date "2014.09.06"]
[Round "6.8"]
[White "Gruenenwald, Joerg"]
[Black "Lazar, Angelik"]
[Result "1/2-1/2"]
[WhiteElo "2342"]
[BlackElo "1979"]
[PlyCount "49"]
[EventDate "2014.03.16"]
[EventType "team-tourn"]
[EventRounds "9"]
[EventCountry "SUI"]
[SourceTitle "EXT 2015"]
[Source "ChessBase"]
[SourceDate "2014.11.20"]
[SourceVersion "1"]
[SourceVersionDate "2014.11.20"]
[SourceQuality "1"]
[WhiteTeam "Zuerich"]
[BlackTeam "Trubschachen"]
[WhiteTeamCountry "SUI"]
[BlackTeamCountry "SUI"]

1. d4 g6 2. e4 Bg7 3. c4 c5 4. d5 e5 5. Nc3 d6 6. Bd3 Ne7 7. f4 0-0 8. Nf3 Bg4 9. fxe5 Bxe5 10. Bh6 Nxd5 11. Nxd5 Bxf3 12. Qxf3 Qh4+ 13. g3 Qxh6 14. Nc7 Nc6 15. Nxa8 Rxa8 16. 0-0 Bd4+ 17. Kg2 Ne5 18. Qe2 Qg5 19. Rab1 a5 20. b3 h5 21. Rf4 Re8 22. Rbf1 Re6 23. h3 Qe7 24. Bc2 Qg5 25. Kh2 1/2-1/2

[Event "SUI-chT"]
[Site "Switzerland"]
[Date "2013.06.23"]
[Round "5.7"]
[White "Camponovo, David"]
[Black "Gruenenwald, Joerg"]
[Result "0-1"]
[WhiteElo "1946"]
[BlackElo "2308"]
[PlyCount "58"]
[EventDate "2013.03.17"]
[EventType "team-tourn"]
[EventRounds "9"]
[EventCountry "SUI"]
[SourceTitle "EXT 2014"]
[Source "ChessBase"]
[SourceDate "2013.11.20"]
[SourceVersion "1"]
[SourceVersionDate "2013.11.20"]
[SourceQuality "1"]
[WhiteTeam "Mendrisio"]
[BlackTeam "Zuerich"]
[WhiteTeamCountry "SUI"]
[BlackTeamCountry "SUI"]

1. c4 c6 2. e4 e5 3. Nc3 d6 4. g3 g6 5. Bg2 Be6 6. d3 Bg7 7. Nge2 Ne7 8. 0-0 0-0 9. Be3 f5 10. f4 Nd7 11. Rc1 Nf6 12. Kh1 Qc7 13. Rc2 Rad8 14. b3 b6 15. d4 Nxe4 16. Nxe4 fxe4 17. Bxe4 Bg4 18. Bf3 Nf5 19. Bg1 Bxf3+ 20. Rxf3 c5 21. d5 e4 22. Rf1 h5 23. Rd2 Rde8 24. h3 Qe7 25. Qe1 e3 26. Rd1 Qe4+ 27. Kh2 Qc2 28. g4 hxg4 29. hxg4 Nd4 0-1

[Event "SUI-chT"]
[Site "Switzerland"]
[Date "2012.09.23"]
[Round "7.8"]
[White "Vezzosi, Paolo"]
[Black "Gruenenwald, Joerg"]
[Result "1/2-1/2"]
[WhiteElo "2286"]
[BlackElo "2319"]
[PlyCount "106"]
[EventDate "2012.03.18"]
[EventType "team-tourn"]
[EventRounds "9"]
[EventCountry "SUI"]
[SourceTitle "EXT 2013"]
[Source "ChessBase"]
[SourceDate "2012.11.22"]
[SourceVersion "1"]
[SourceVersionDate "2012.11.22"]
[SourceQuality "1"]
[WhiteTeam "Mendrisio"]
[BlackTeam "Zuerich"]
[WhiteTeamCountry "SUI"]
[BlackTeamCountry "SUI"]

1. c4 c6 2. Nc3 d5 3. d4 Nf6 4. cxd5 cxd5 5. Bf4 Nc6 6. e3 a6 7. Bd3 Bg4 8. Nge2 Bxe2 9. Qxe2 e6 10. 0-0 Be7 11. Rfc1 0-0 12. Na4 Nd7 13. a3 g6 14. Nc5 Nxc5 15. dxc5 f5 16. Bh6 Re8 17. b4 Ne5 18. Bc2 Nf7 19. Bf4 Bf6 20. Ba4 Re7 21. Bd6 Nxd6 22. cxd6 Qxd6 23. Ra2 Rc7 24. Rxc7 Qxc7 25. Rc2 Qe5 26. Qd1 b5 27. Bb3 a5 28. bxa5 Rxa5 29. a4 Kg7 30. Ra2 Qc3 31. g3 h5 32. axb5 Rxb5 33. Ba4 Ra5 34. Bb3 Rxa2 35. Bxa2 h4 36. Kg2 h3+ 37. Kg1 g5 38. Bb1 Bd8 39. Bd3 g4 40. Bf1 Qb4 41. Qa1+ Bf6 42. Qa7+ Kg6 43. Qd7 Qe4 44. Qe8+ Kg7 45. Qd7+ Kh6 46. Qd6 d4 47. Qf4+ Kg6 48. Qxe4 fxe4 49. exd4 Bxd4 50. Be2 Kg5 51. Kf1 e5 52. Bd1 Kf5 53. Bc2 Bc5 1/2-1/2

[Event "SUI-chT"]
[Site "Switzerland"]
[Date "2012.09.22"]
[Round "6.8"]
[White "Gruenenwald, Joerg"]
[Black "Grandadam, Nicolas"]
[Result "1/2-1/2"]
[WhiteElo "2319"]
[BlackElo "2361"]
[PlyCount "39"]
[EventDate "2012.03.18"]
[EventType "team-tourn"]
[EventRounds "9"]
[EventCountry "SUI"]
[SourceTitle "EXT 2013"]
[Source "ChessBase"]
[SourceDate "2012.11.22"]
[SourceVersion "1"]
[SourceVersionDate "2012.11.22"]
[SourceQuality "1"]
[WhiteTeam "Zuerich"]
[BlackTeam "Riehen"]
[WhiteTeamCountry "SUI"]
[BlackTeamCountry "SUI"]

1. d4 d5 2. Nf3 Nf6 3. c4 c6 4. e3 e6 5. Nbd2 c5 6. cxd5 Nxd5 7. Bb5+ Bd7 8. Bxd7+ Nxd7 9. 0-0 cxd4 10. Nxd4 Be7 11. N2b3 Nc5 12. Qe2 0-0 13. Rd1 Nxb3 14. Nxb3 Qc7 15. e4 Nb4 16. Be3 Rfd8 17. Nd4 Nc6 18. Nxc6 Qxc6 19. f3 Bc5 20. Rac1 1/2-1/2

[Event "SUI-chB"]
[Site "Flims"]
[Date "2012.07.19"]
[Round "8"]
[White "Gruenenwald, Joerg"]
[Black "Nuri, Kambez"]
[Result "1/2-1/2"]
[WhiteElo "2319"]
[BlackElo "2270"]
[PlyCount "38"]
[EventDate "2012.07.12"]
[EventType "swiss"]
[EventRounds "9"]
[EventCountry "SUI"]
[SourceTitle "CBM 149 Extra"]
[Source "ChessBase"]
[SourceDate "2012.08.24"]
[SourceVersion "1"]
[SourceVersionDate "2012.08.24"]
[SourceQuality "1"]

1. d4 Nf6 2. c4 e6 3. Nf3 d5 4. g3 Bb4+ 5. Bd2 Be7 6. Bg2 0-0 7. 0-0 c6 8. Qb3 Nbd7 9. Nc3 Nb6 10. cxd5 exd5 11. Ne5 Ng4 12. Bf4 Bg5 13. Nd3 Bxf4 14. Nxf4 Qf6 15. h3 Nh6 16. e3 Nf5 17. a4 Qh6 18. h4 Nc4 19. Rfe1 Ncd6 1/2-1/2

[Event "SUI-chB"]
[Site "Flims"]
[Date "2012.07.18"]
[Round "7"]
[White "Raetsky, Alexander"]
[Black "Gruenenwald, Joerg"]
[Result "1-0"]
[WhiteElo "2449"]
[BlackElo "2319"]
[PlyCount "77"]
[EventDate "2012.07.12"]
[EventType "swiss"]
[EventRounds "9"]
[EventCountry "SUI"]
[SourceTitle "CBM 149 Extra"]
[Source "ChessBase"]
[SourceDate "2012.08.24"]
[SourceVersion "1"]
[SourceVersionDate "2012.08.24"]
[SourceQuality "1"]

1. e4 c5 2. Nf3 d6 3. d4 cxd4 4. Qxd4 a6 5. c4 Nc6 6. Qe3 g6 7. h3 Bd7 8. Be2 Bg7 9. 0-0 Nf6 10. Nc3 0-0 11. Rd1 Rc8 12. Rb1 Qa5 13. Bd2 Ne5 14. Nxe5 Qxe5 15. f4 Qe6 16. e5 dxe5 17. fxe5 Ne8 18. Bg4 Qxe5 19. Qxe5 Bxe5 20. Bxd7 Rxc4 21. Nd5 e6 22. Bc3 Bxc3 23. Nxc3 Nf6 24. Ba4 b5 25. Bb3 Rc5 26. Rd4 Rfc8 27. Rf1 Kg7 28. Rdf4 Rf5 29. Rxf5 gxf5 30. Rd1 b4 31. Ne2 Ne4 32. g4 fxg4 33. hxg4 Nc5 34. Rc1 Kf6 35. Nf4 Ke5 36. Rxc5+ Rxc5 37. Nd3+ Kd4 38. Nxc5 Kxc5 39. g5 1-0

[Event "SUI-chB"]
[Site "Flims"]
[Date "2012.07.14"]
[Round "3"]
[White "Bauer, Christian"]
[Black "Gruenenwald, Joerg"]
[Result "1-0"]
[WhiteElo "2681"]
[BlackElo "2319"]
[PlyCount "59"]
[EventDate "2012.07.12"]
[EventType "swiss"]
[EventRounds "9"]
[EventCountry "SUI"]
[SourceTitle "CBM 149 Extra"]
[Source "ChessBase"]
[SourceDate "2012.08.24"]
[SourceVersion "1"]
[SourceVersionDate "2012.08.24"]
[SourceQuality "1"]

1. Nf3 d5 2. g3 Nf6 3. Bg2 c6 4. 0-0 Bg4 5. c4 e6 6. d3 dxc4 7. dxc4 Qxd1 8. Rxd1 h6 9. Nc3 Nbd7 10. Bf4 g5 11. Be3 Bc5 12. Bxc5 Nxc5 13. Ne5 Ncd7 14. Rxd7 Nxd7 15. Nxg4 f5 16. Ne3 Ne5 17. b3 Ke7 18. c5 Rad8 19. Rb1 Rd2 20. Kf1 f4 21. Nc4 Nxc4 22. bxc4 Rb8 23. Bxc6 Rc2 24. Ne4 b6 25. f3 Rxa2 26. gxf4 gxf4 27. Kf2 Rc2 28. Ra1 Rxc4 29. Rxa7+ Kf8 30. Nf6 1-0

[Event "SUI-chB"]
[Site "Flims"]
[Date "2012.07.12"]
[Round "1"]
[White "Moret, Jean Paul"]
[Black "Gruenenwald, Joerg"]
[Result "0-1"]
[WhiteElo "2021"]
[BlackElo "2319"]
[PlyCount "80"]
[EventDate "2012.07.12"]
[EventType "swiss"]
[EventRounds "9"]
[EventCountry "SUI"]
[SourceTitle "CBM 149 Extra"]
[Source "ChessBase"]
[SourceDate "2012.08.24"]
[SourceVersion "1"]
[SourceVersionDate "2012.08.24"]
[SourceQuality "1"]

1. e4 c5 2. c3 Nf6 3. e5 Nd5 4. d4 cxd4 5. Nf3 Nc6 6. cxd4 d6 7. Nc3 dxe5 8. dxe5 Nxc3 9. Qxd8+ Kxd8 10. bxc3 h6 11. Bc4 e6 12. 0-0 Bc5 13. Re1 Kc7 14. h4 b6 15. Bf4 Rd8 16. Rad1 Bb7 17. Be2 Ne7 18. Nd4 Bxd4 19. cxd4 Rac8 20. h5 Kb8 21. Bc1 Nf5 22. Ba3 a5 23. g4 Nxd4 24. Bd6+ Rxd6 25. exd6 Nxe2+ 26. Kh2 Nc3 27. Rc1 Nd5 28. Kg3 Rd8 29. f4 Rxd6 30. f5 Bc8 31. Re5 Kb7 32. Kf3 Bd7 33. Rd1 b5 34. Kg3 Kb6 35. fxe6 fxe6 36. g5 Rc6 37. gxh6 gxh6 38. a4 Rc3+ 39. Kh4 Rc4+ 40. Kg3 Rxa4 0-1

[Event "SUI-chT"]
[Site "Switzerland"]
[Date "2012.04.29"]
[Round "3.6"]
[White "Gruenenwald, Joerg"]
[Black "Hindermann, Felix"]
[Result "1/2-1/2"]
[WhiteElo "2318"]
[BlackElo "2337"]
[PlyCount "53"]
[EventDate "2012.03.18"]
[EventType "team-tourn"]
[EventRounds "9"]
[EventCountry "SUI"]
[SourceTitle "EXT 2013"]
[Source "ChessBase"]
[SourceDate "2012.11.22"]
[SourceVersion "1"]
[SourceVersionDate "2012.11.22"]
[SourceQuality "1"]
[WhiteTeam "Zuerich"]
[BlackTeam "Wollishofen"]
[WhiteTeamCountry "SUI"]
[BlackTeamCountry "SUI"]

1. d4 e6 2. c4 b6 3. a3 Bb7 4. Nc3 f5 5. Nf3 Nf6 6. g3 g6 7. Bg2 Bg7 8. 0-0 0-0 9. b4 Ne4 10. Bb2 Nxc3 11. Bxc3 Be4 12. Qb3 Qe7 13. Rad1 d6 14. Rfe1 Nd7 15. Bf1 f4 16. Nd2 Bb7 17. Bh3 Nf6 18. e4 Nh5 19. e5 dxe5 20. dxe5 Qg5 21. Bxe6+ Kh8 22. Ne4 Bxe4 23. Rxe4 fxg3 24. fxg3 Nxg3 25. Bd2 Qe7 26. Qxg3 Qxe6 27. Bc3 1/2-1/2

[Event "SUI-chT"]
[Site "Switzerland"]
[Date "2011.10.22"]
[Round "8.8"]
[White "Landenbergue, Claude"]
[Black "Gruenenwald, Joerg"]
[Result "1-0"]
[WhiteElo "2380"]
[BlackElo "2335"]
[PlyCount "143"]
[EventDate "2011.02.27"]
[EventType "team-tourn"]
[EventRounds "9"]
[EventCountry "SUI"]
[SourceTitle "EXT 2012"]
[Source "ChessBase"]
[SourceDate "2011.11.24"]
[SourceVersion "1"]
[SourceVersionDate "2011.11.24"]
[SourceQuality "1"]
[WhiteTeam "Geneve"]
[BlackTeam "Zuerich"]
[WhiteTeamCountry "SUI"]
[BlackTeamCountry "SUI"]

1. c4 c6 2. e4 e5 3. Nf3 Nf6 4. Nc3 Bb4 5. Be2 d6 6. Qc2 a5 7. 0-0 Bg4 8. Na4 Nbd7 9. Rd1 0-0 10. d4 Bxf3 11. gxf3 exd4 12. Rxd4 Qe7 13. Be3 Ne8 14. Rad1 b6 15. f4 Bc5 16. Nxc5 Nxc5 17. Bf3 Rc8 18. b3 Qh4 19. f5 Qf6 20. Qd2 h6 21. Bf4 Nb7 22. Bg2 Kh7 23. Bg3 Rg8 24. f4 Kh8 25. Qf2 Nc5 26. Kh1 g6 27. Bh3 gxf5 28. Bxf5 Ra8 29. Bh4 Qg7 30. Be7 Nb7 31. Bh4 Nc5 32. Qf3 Ne6 33. R4d2 Ra7 34. Bh3 c5 35. Rg2 Nd4 36. Qc3 Qf8 37. Bf2 Rxg2 38. Bxg2 Qg7 39. Bxd4 cxd4 40. Qxd4 Qxd4 41. Rxd4 Kg7 42. Rd5 Rb7 43. Bf3 Rb8 44. Kg2 Rc8 45. Kf2 Rc5 46. Ke3 Rxd5 47. cxd5 f6 48. Kd4 Kf8 49. h4 Ke7 50. Bg4 Nc7 51. Bc8 Nb5+ 52. Kd3 Nc7 53. a4 Kd8 54. Bb7 Kd7 55. Ke3 Ke7 56. Kd4 Ne8 57. Bc6 Ng7 58. Bb5 Nh5 59. Ke3 Ng7 60. Be2 Ne8 61. Kd4 Nc7 62. Bb5 Kf7 63. e5 fxe5+ 64. fxe5 Ke7 65. Ke4 Na8 66. Kf5 Nc7 67. Bc4 dxe5 68. Kxe5 Ne8 69. Kf5 Nd6+ 70. Kg6 Nf7 71. Kg7 Ke8 72. Kf6 1-0

[Event "SUI-chT"]
[Site "Switzerland"]
[Date "2011.08.27"]
[Round "6.7"]
[White "Szakolczai, Peter"]
[Black "Gruenenwald, Joerg"]
[Result "1/2-1/2"]
[WhiteElo "2275"]
[BlackElo "2331"]
[PlyCount "64"]
[EventDate "2011.02.27"]
[EventType "team-tourn"]
[EventRounds "9"]
[EventCountry "SUI"]
[SourceTitle "EXT 2012"]
[Source "ChessBase"]
[SourceDate "2011.11.24"]
[SourceVersion "1"]
[SourceVersionDate "2011.11.24"]
[SourceQuality "1"]
[WhiteTeam "Winterthur"]
[BlackTeam "Zuerich"]
[WhiteTeamCountry "SUI"]
[BlackTeamCountry "SUI"]

1. e4 c5 2. Nf3 d6 3. Bb5+ Bd7 4. Bxd7+ Nxd7 5. 0-0 Ngf6 6. Qe2 e6 7. c3 Be7 8. d4 0-0 9. Nbd2 cxd4 10. cxd4 Rc8 11. Rd1 a6 12. Nf1 d5 13. e5 Ne4 14. Ne1 h6 15. f3 Ng5 16. Ng3 Qb6 17. f4 Nh7 18. Nf3 f5 19. exf6 Nhxf6 20. Ne5 Qb5 21. Nxd7 Qxd7 22. Re1 Rc6 23. Bd2 Bd8 24. Bb4 Re8 25. Bc5 Bc7 26. Qf3 b6 27. Ba3 Rc4 28. Rad1 Bb8 29. Re2 Qc7 30. f5 Rc1 31. Rxe6 Rxd1+ 32. Qxd1 Qc4 1/2-1/2

[Event "SUI-chT"]
[Site "Switzerland"]
[Date "2011.06.26"]
[Round "5.7"]
[White "Gantner, Matthias"]
[Black "Gruenenwald, Joerg"]
[Result "1/2-1/2"]
[WhiteElo "2282"]
[BlackElo "2335"]
[PlyCount "60"]
[EventDate "2011.02.27"]
[EventType "team-tourn"]
[EventRounds "9"]
[EventCountry "SUI"]
[SourceTitle "EXT 2012"]
[Source "ChessBase"]
[SourceDate "2011.11.24"]
[SourceVersion "1"]
[SourceVersionDate "2011.11.24"]
[SourceQuality "1"]
[WhiteTeam "Reti"]
[BlackTeam "Zuerich"]
[WhiteTeamCountry "SUI"]
[BlackTeamCountry "SUI"]

1. d4 d5 2. c4 c6 3. Nf3 Nf6 4. e3 a6 5. Bd3 g6 6. Nc3 Bg7 7. 0-0 0-0 8. Qc2 Nbd7 9. Bd2 c5 10. Nxd5 Nxd5 11. cxd5 cxd4 12. e4 Qb6 13. Rac1 e6 14. Bf4 e5 15. Bg3 Re8 16. Qa4 Qd8 17. Nd2 g5 18. Qd1 Bf8 19. h4 h6 20. hxg5 hxg5 21. Qh5 f6 22. Bc4 Nb6 23. Bb3 Bd6 24. Qg6+ Kf8 25. Qh6+ Kg8 26. f4 gxf4 27. Qg6+ Kf8 28. Qh6+ Kg8 29. Qg6+ Kf8 30. Qh6+ Kg8 1/2-1/2

[Event "SUI-chT"]
[Site "Switzerland"]
[Date "2010.11.07"]
[Round "9.7"]
[White "Gruenenwald, Joerg"]
[Black "Eschbach, Dennis"]
[Result "1/2-1/2"]
[WhiteElo "2336"]
[BlackElo "2435"]
[PlyCount "188"]
[EventDate "2010.02.14"]
[EventType "team-tourn"]
[EventRounds "9"]
[EventCountry "SUI"]
[SourceTitle "EXT 2011"]
[Source "ChessBase"]
[SourceDate "2010.11.26"]
[SourceVersion "1"]
[SourceVersionDate "2010.11.26"]
[SourceQuality "1"]
[WhiteTeam "Zuerich"]
[BlackTeam "Reichenstein"]
[WhiteTeamCountry "SUI"]
[BlackTeamCountry "SUI"]

1. d4 d5 2. c4 c6 3. Nf3 Nf6 4. Qc2 dxc4 5. Qxc4 Bf5 6. g3 e6 7. Bg2 Nbd7 8. 0-0 Be7 9. Qb3 Qb6 10. Nbd2 0-0 11. Nc4 Qa6 12. Bf4 Nb6 13. Nfe5 Rfd8 14. Rfd1 Be4 15. Bxe4 Nxe4 16. Qc2 Nxc4 17. Nxc4 Nf6 18. Bg5 Rd5 19. Be3 Rad8 20. b3 Ng4 21. Rd3 Nxe3 22. fxe3 c5 23. Rad1 f6 24. a4 Qc6 25. R1d2 Qe8 26. Qd1 Qh5 27. Qf1 b6 28. Qg2 Kf7 29. Qe4 R8d7 30. Kg2 h6 31. Qf3 Qxf3+ 32. Kxf3 h5 33. Ke4 Rc7 34. h3 Rg5 35. Kf3 Rf5+ 36. Kg2 Rg5 37. Kf3 Rf5+ 38. Kg2 Rd5 39. Kf3 Ke8 40. Rd1 Rc6 41. dxc5 Rf5+ 42. Kg2 Rfxc5 43. Rd7 Rc7 44. Rxc7 Rxc7 45. Kf3 Bc5 46. g4 hxg4+ 47. hxg4 a6 48. Rh1 b5 49. axb5 axb5 50. Nb2 Be7 51. Rh8+ Bf8 52. Nd3 Kf7 53. Rh5 e5 54. Rh1 Rc3 55. Rb1 Ke6 56. e4 Kd7 57. Ke3 Bd6 58. Kd2 b4 59. Rb2 Ke6 60. Ke3 Bc5+ 61. Kf3 Bd4 62. Rb1 g6 63. Kg2 Rc2 64. Kf3 Bc3 65. Nc5+ Kd6 66. Nd3 Ra2 67. Ke3 Ke6 68. Nc5+ Kf7 69. Nd3 Kg7 70. Kf3 Ra3 71. Nc5 Kf7 72. Nd3 Ra2 73. Rh1 Kg7 74. Rb1 Rc2 75. Rc1 Rd2 76. Rg1 Ra2 77. Rh1 Ra5 78. Ke3 Ra3 79. Rb1 Ra8 80. Rh1 Rc8 81. Kf3 Rc6 82. Rc1 Ra6 83. Rh1 Ra7 84. Kg2 Ra3 85. Rb1 Kf7 86. Kf3 Ke7 87. Nc5 Kd6 88. Nd3 Kc6 89. Ke3 Kb5 90. Kf3 Bd4 91. Nc1 Ra8 92. Nd3 Rh8 93. Kg3 Rg8 94. Kf3 Rh8 1/2-1/2